[Event "Parnu Keres rapid op 5th"]
[Site "Parnu"]
[Date "2024.07.28"]
[Round "4"]
[White "Viskelis, Darius"]
[Black "Protassov, Vlad"]
[Result "1/2-1/2"]
[WhiteElo "2161"]
[BlackElo "2077"]
[PlyCount "86"]
[EventDate "2024.07.28"]
[EventType "swiss (rapid)"]
[EventRounds "7"]
[EventCountry "EST"]
[SourceTitle "CBM 221 Extra"]
[Source "ChessBase"]
[SourceDate "2024.09.30"]
[SourceVersion "1"]
[SourceVersionDate "2024.09.30"]
[SourceQuality "1"]

1. e4 c6 2. d4 d5 3. exd5 cxd5 4. c4 Nf6 5. Nc3 g6 6. cxd5 Bg7 7. Bb5+ Nbd7 8. d6 0-0 9. dxe7 Qxe7+ 10. Be2 Nb6 11. Nf3 Rd8 12. 0-0 Bf5 13. Re1 Qd6 14. Be3 Ng4 15. Nb5 Nxe3 16. fxe3 Qe7 17. Bd3 Bg4 18. h3 Be6 19. b3 a6 20. Nc3 Rac8 21. Rc1 Qa3 22. Qd2 h6 23. Ne4 Nd7 24. Bc4 Nf8 25. Rc2 Bf5 26. Bd3 Rxc2 27. Qxc2 Rc8 28. Qd2 a5 29. Nc5 Bxd3 30. Nxd3 Ne6 31. Nfe5 a4 32. Nc4 Qe7 33. Nb6 Rd8 34. Nxa4 Qg5 35. Qe2 b5 36. Nab2 Nxd4 37. exd4 Bxd4+ 38. Kh1 Bxb2 39. Qxb2 Qg3 40. Qf6 Qxd3 41. Re7 Qd1+ 42. Kh2 Qd6+ 43. Qxd6 Rxd6 1/2-1/2

[Event "Viljandi Raud Memorial 55th"]
[Site "Viljandi"]
[Date "2021.07.05"]
[Round "2"]
[White "Protassov, Vlad"]
[Black "Shishkov, Andrei"]
[Result "1/2-1/2"]
[WhiteElo "1982"]
[BlackElo "2405"]
[PlyCount "62"]
[EventDate "2021.07.04"]
[EventType "swiss"]
[EventRounds "9"]
[EventCountry "EST"]
[SourceTitle "CBM 203 Extra"]
[Source "ChessBase"]
[SourceDate "2021.09.30"]
[SourceVersion "1"]
[SourceVersionDate "2021.09.30"]
[SourceQuality "1"]

1. d4 d5 2. c4 e6 3. Nf3 a6 4. g3 dxc4 5. Bg2 Nc6 6. 0-0 Rb8 7. Bg5 Nf6 8. Nbd2 Nxd4 9. Nxc4 Nxf3+ 10. Bxf3 Bd6 11. Qd4 e5 12. Nxe5 0-0 13. Rfd1 h6 14. Be3 Be6 15. Nc4 Bxc4 16. Qxc4 Qe7 17. Rac1 a5 18. Ba7 Rbe8 19. Bxb7 Qxe2 20. Qxe2 Rxe2 21. Bd4 Rb8 22. Bf3 Rexb2 23. Bxb2 Rxb2 24. a4 Rb4 25. Bc6 g5 26. Rb1 Rc4 27. Rb8+ Kg7 28. Bb5 Rc2 29. Bc6 Rd2 30. Rc1 Rd4 31. Rbb1 Kg8 1/2-1/2